First Asian Islamic Conference 1978 Pakistan. (Record no. 4078)

MARC details
000 -LEADER
fixed length control field 00684nam a2200241 a 4500
020 ## - INTERNATIONAL STANDARD BOOK NUMBER
ISBN
082 00 - DEWEY DECIMAL CLASSIFICATION NUMBER
Classification number 297.095
Author Cutter MIB
100 ## - MAIN ENTRY--AUTHOR NAME
Author name Ministry Of Information, And Board Casting
245 ## - TITLE STATEMENT
Title First Asian Islamic Conference 1978 Pakistan.
260 ## - PUBLICATION, DISTRIBUTION, ETC. (IMPRINT)
Place of publication Pakistan
Name of publisher Ministry of Information & Broad Casting
Year of publication 1978
300 ## - PHYSICAL DESCRIPTION
Number of Pages 147p.
500 ## - GENERAL NOTE
General note includes index and biblioraphy
505 2# - FORMATTED CONTENTS NOTE
Formatted contents note Bibliography
650 ## - SUBJECT ADDED ENTRY--TOPICAL TERM
Topical Term Islam-Asia-Conference
942 ## - ADDED ENTRY ELEMENTS (KOHA)
Koha item type Books
700 1# -
-- Ministry Of Information, And Board Casting
Holdings
Collection code Home library Current library Date acquired Cost, normal purchase price Full call number Accession Number Koha item type
  Henry Martyn Institute Library Henry Martyn Institute Library 07/26/2007 100.00 297.095 MIB 09459 Books
                   Copyright © 2026 | Henry Martyn Institute | Hyderabad | TS-500052 | INDIA | Implemented by hmi.edu.in
Hit-Count:

Powered by Koha